|
|
|
|
| LEADER |
00670nam a2200193Ia 4500 |
| 001 |
CTU_86945 |
| 008 |
210402s9999 xx 000 0 und d |
| 082 |
|
|
|a 384
|
| 082 |
|
|
|b C397
|
| 110 |
|
|
|a Central Administration of Swedish Telecommunications
|
| 245 |
|
0 |
|a Telecommunication in Sweden :
|
| 245 |
|
2 |
|b A survey on organization, general activities and tariffs
|
| 245 |
|
0 |
|c Central Administration of Swedish Telecommunications
|
| 260 |
|
|
|a Stockholm
|
| 260 |
|
|
|b Central Administration of Swedish Telecommunications
|
| 260 |
|
|
|c 1976
|
| 650 |
|
|
|a Communications,Telecommunications
|
| 904 |
|
|
|i Năm
|
| 980 |
|
|
|a Trung tâm Học liệu Trường Đại học Cần Thơ
|